000 00316 a2200145 4500
001 180986
020 _a
040 _cMagnum
100 _aSilva, Alcides R.j. da
240 1 0 _aExpulsos de campo
_lpor
245 1 0 _aExpulsos de campo
362 0 _a1899
697 _aMAGNITO: J/SOCIEDADE, COTIDIAN
942 _cBK
999 _c180986
_d180986